000 00895cab a2200241 4500
001 WB3201-71
008 090401t1995 xxu||||| |||| 00| 0 eng d
035 _a(Sirsi) u12620
041 _aeng
245 _aRail sell-off suffers court setback
260 _c1995
350 _a0
490 _aFinancial Times
_v16 December 1995, 1&5
490 _aIndependent
_v18 December 1995, 5
490 _aSunday Times
_v17 December 1995, 1
490 _aDepartment of Transport Press Notice
_v(427) 18 December 1995,
520 _aRail privatisation plans have suffered a set back following the CA decision blocking the sale of four rail passenger franchises. Railtrack plans a ten year £10bn investment programme to upgrade the rail track network.
650 _aPUBLIC TRANSPORT
650 _aRAIL PRIVATISATION
690 _aTRANSPORT AND COMMUNICATIONS
942 _n0
948 _c04/03/1997
999 _c8068
_d8068